000 00935nam a2200253 a 4500
005 20200104041552.0
008 140317b1998 ck ||||| |||| 00| 0 spa d
040 _aCO-BoIAVH
_cCO-BoIAVH
041 _aspa
044 _ack
090 _aLB
_b04224
110 _aColombia
_bMinisterio del Medio Ambiente
_941234
245 _aCaracterización ambiental de la zona que comprende los municipios de Mecetas, La Uribe, La Macarena, Vista Hermosa y San Vicente del Caguán y sus municipios aledaños
_bzona de despeje para la reconciliación nacional
260 _aBogotá
_bMinambiente
_bIDEAM
_c1998
300 _a95 paginas
650 _aClimatologia
_9288
650 _aRecursos Hidricos
_941236
650 _aEcosistemas
_992256
650 _aCobertura Vegetal
_941238
662 _aColombia
_bMeta
710 _aInstituto de Hidrología, Meteorología y Estudios Ambientales
_941239
942 _cINFORME
_2z
945 _d2005-07-28
999 _c4733
_d4733